| 000 | 00000nam##2200000za#4500 |
| 001 | 9.576498 |
| 003 | CaOODSP |
| 005 | 20210624185152 |
| 007 | cr ||||||||||| |
| 008 | 150406|1984||||xxc|||||o f|0| 0 eng|d |
| 040 | |aCaOODSP|beng |
| 043 | |an-cn--- |
| 086 | 1 |aFs97-13/447E-PDF |
| 110 | 1 |aCanada. |bDepartment of Fisheries and Oceans. |
| 245 | 10|aStandardized landing statistics for Pacific cod (Gadus macrocephalus) and important shelf co-habitants from Hecate Strait, Queen Charlotte Sound, and off southwest Vancouver Island, 1956-82 / |h[electronic resource]|cby R.P. Foucher. |
| 260 | |aNanaimo - British Columbia : |bFisheries and Oceans Canada |c1984. |
| 300 | |a54p.|bfigs. |
| 490 | 1 |aCanadian data report of fisheries and aquatic sciences|vNo. 447 |
| 500 | |aOn t.p.: Pacific Biological Station, Nanaimo, British Columbia. Catalogue number of the print edition appears in the PDF version. |
| 546 | |a(Résumé en français) |
| 590 | |a13-13-Supp|b2013-05-21 |
| 720 | 1 |aFoucher, R. P. |
| 830 | #0|aCanadian data report of fisheries and aquatic sciences ;|vNo. 447|w(CaOODSP)9.505124 |
| 856 | 40|ahttp://publications.gc.ca|qPDF|s687 KB|uhttps://publications.gc.ca/collections/collection_2013/mpo-dfo/Fs97-13-447-eng.pdf|yNo. 447 |